000 00765nam a22002057a 4500
999 _c6696
_d6696
003 AR-CdUCM
008 190319b ||||| |||| 00| 0 spa d
040 _aMUNICIPALIDAD PROVINCIAL DEL CUSCO
_cBIBLIOTECA MUNICIPAL DEL CUSCO
082 _a330 /
_bI61
110 _aInstituto internacional de investigaciones empresa y cambio
_918837
245 _aDiccionario económico empresarial /
260 _aLima :
_bLaser texto,
300 _a270 páginas ;
_c21 cm.
_bIlustraciones, cuadros comparativo y gráficos,
505 _aContenido : Relación de gráficos y cuadros -- Anexo (Recaudación tributaria) -- Diccionario ...
650 _aDicionario
_918838
650 _aEmpresarial
_918839
650 _aEconómico
_918840
942 _2ddc
_cLIBROS
945 _arah